Project Runway Winners - Statistics

General Stats
  • This quiz has been taken 8 times
  • The average score is 8 of 19
Answer Stats
Season Winning Designer % Correct
4 Christian Siriano
100%
9 Anya Ayoung-Chee
83%
3 Jeffery Sebelia
83%
2 Chloe Dao
67%
8 Gretchen Jones
67%
5 Leanne Marshall
67%
6 Irina Shabayeva
50%
1 Jay McCarroll
50%
10 Dmitri Sholokhov
33%
18 Geoffrey Mac
33%
16 Kentaro Kameyama
33%
7 Seth Aaron Henderson
33%
14 Ashley Nell Tipton
17%
12 Dom Streater
17%
15 Erin Robertson
17%
17 Jhoan ‘Sebastian’ Grey
17%
11 Michelle Lesniak Franklin
17%
13 Sean Kelly
17%
19 Shantall Lacayo
17%
No matching quizzes found
Score Distribution
Percent of People with Each Score
Percentile by Number Answered
Your Score History
You have not taken this quiz